000 00362nam a2200145Ia 4500
008 230917s9999||||xx |||||||||||||| ||und||
040 _e27856
_aMAIN
041 _aEnglish
082 _a342 S64V
100 _aSingh, Birkeshwar Prasad
245 0 _aVishav ke pramukh savindhan
260 _aNew Delhi
_bGyanda Prakashan
_c1997
300 _a330 p.
942 _cBK
999 _c98685
_d98685